1859 1133 1785 1525 1030 1312 1706 1949 1150 1354 1257 1057 1523 1912 1750 1901 1604 1210 1468 1809 1689 1007 1306 1229 1806 1079 1030 1810 1164 1007 1630 1523 1941 1621 1468 1907 1550 1551 1870 1312 1365 1737 1528 1949 1268 1608 1863 1131 1864 1211 1182 1489 1032 1588 1821 1577 1292 1581 1861 1513 1484 1026 1250 1149 1912 1446 1480 1827 1976 1414 1314 1982 1304 1426 1091 1294 1058 1922 1479 1424 1433 1485 1806 1425 1726 1577 1830 1647 1121 1299 1011 1788 1915 1379 1782 1785 1673 1126 1582 BCNSPRNW ULIB Ver.6.0+V

เปลี่ยนเป็นภาษาไทย

Change to English
 แสดงรายละเอียดบรรณานุกรม
  กลับหน้าหลัก

Brief Record : Get Marc (ISO 2709) : E-mail record : QR code < ปิดหน้าต่าง
LEADER : 00000nam 2200000uu 4500
001    13399107696
003     ULIB
008    110124s2552||||th 000 0 tha d
020    9746577123
060 04 WY20.5^bว523ก 2552
100 0  วิจิตร ศรีสุพรรณ
245 10 การวิจัยทางการพยาบาล :^bหลักการและแนวปฏิบัติ /^cวิจิตรศรีสุพรรณ
250    พิมพ์ครั้งที่ 4
260    เชียงใหม่ :^bโครงการตำรา คณะพยาบาลศาสตร์มหาวิทยาลัยเชียงใหม่,^c2552
300    171 หน้า ;^c27 ซม.
650  7 การพยาบาล^xวิจัย
650  7 พยาบาล^xวิจัย
710 2  มหาวิทยาลัยเชียงใหม่. ^bคณะพยาบาลศาสตร์. ^bโครงการตำรา
945    ^p210^l0^i018706
945    ^p210^l0^i018704
945    ^p210^l0^i017548
945    ^p210^l0^i018703
945    ^p210^l0^i018705
945    ^p210^l0^i029416
945    ^p210^l0^i029417
945    ^p210^l0^i029418
995    เกษร
999 ^a ใช้งานได้ทุกระบบ
รายการนี้ยังไม่มีแท็ก
คุณยังไม่ได้ล็อกอิน คุณสามารถมีกิจกรรมร่วมกับเว็บไซต์ได้ แต่ต้องล็อกอินก่อน ::
  ล็อกอิน

รายการสื่อสารสนเทศ

ลำดับที่ ประเภท เลขเรียก/บาร์โค้ด สถานที่ สถานะ
1. วิทยาศาสตร์การแพทย์ และสุขภาพ
วิทยาศาสตร์การแพทย์ และสุขภาพ
สถานะ=หนังสือเก่า
WY20.5 ว523ก 2552 ฉ.3 
  Barcode: 018704
ห้องสมุดวิทยาเขตสวรรค์ประชารักษ์
►ส่วนจัดเก็บหนังสือเก่า สปร
บนชั้น
  ขอยืม

รายการใกล้เคียง
    ผู้แต่ง [วิจิตร ศรีสุพรรณ]

BibComment


ยังไม่เคยถูกคอมเมนท์

คอมเมนท์ทรัพยากรรายการนี้
  คอมเมนท์: การวิจัยทางการพยา..


 Copyright 2026. Bcnsprnw @Library